MARC details
| 000 -CABECERA |
| campo de control de longitud fija |
01315nam a2200313 a 4500 |
| 001 - NÚMERO DE CONTROL |
| campo de control |
000046783 |
| 003 - IDENTIFICADOR DEL NÚMERO DE CONTROL |
| campo de control |
DO-SdBNP |
| 005 - FECHA Y HORA DE LA ÚLTIMA TRANSACCIÓN |
| campo de control |
20260128080347.0 |
| 007 - CAMPO FIJO DE DESCRIPCIÓN FÍSICA--INFORMACIÓN GENERAL |
| campo de control de longitud fija |
ta |
| 008 - DATOS DE LONGITUD FIJA--INFORMACIÓN GENERAL |
| campo de control de longitud fija |
110211s2014 dr a 000 0bspa d |
| 020 ## - NÚMERO INTERNACIONAL ESTÁNDAR DEL LIBRO |
| Número Internacional Estándar del Libro |
9789945468182 |
| 040 ## - FUENTE DE LA CATALOGACIÓN |
| Centro catalogador/agencia de origen |
DO-SdBNP |
| Lengua de catalogación |
spa |
| Centro/agencia transcriptor |
BNPHU |
| 082 #4 - NÚMERO DE LA CLASIFICACIÓN DECIMAL DEWEY |
| Número de clasificación |
928.61 |
| Número de documento/Ítem |
L864C, 2014 |
| Número de edición |
22 |
| 100 1# - ENTRADA PRINCIPAL--NOMBRE DE PERSONA |
| Nombre de persona |
Cassá, Roberto, |
| Fechas asociadas al nombre |
1948- |
| 9 (RLIN) |
10888 |
| 245 10 - MENCIÓN DE TÍTULO |
| Título |
Andrés López de Medrano : |
| Resto del título |
precursor de la democracia / |
| Mención de responsabilidad, etc. |
Roberto Cassá ; ilustraciones, José Mercader. |
| 260 ## - PUBLICACIÓN, DISTRIBUCIÓN, ETC. |
| Lugar de publicación, distribución, etc. |
Santo Domingo : |
| Nombre del editor, distribuidor, etc. |
Tobogán, |
| Fecha de publicación, distribución, etc. |
2014 |
| 300 ## - DESCRIPCIÓN FÍSICA |
| Extensión |
50 p. : |
| Otras características físicas |
il. ; |
| Dimensiones |
23 cm. |
| 490 1# - MENCIÓN DE SERIE |
| Mención de serie |
Biografías Dominicanas |
| 500 ## - NOTA GENERAL |
| Nota general |
Incluye datos biográficos del autor en la contracubierta. |
| 504 ## - NOTA DE BIBLIOGRAFÍA, ETC. |
| Nota de bibliografía, etc. |
Bibliografía : p. 47 p. |
| 505 ## - NOTA DE CONTENIDO CON FORMATO |
| Título |
Contexto histórico trastornado. |
| -- |
La formación del pensador.-- |
| -- |
La lógica.-- |
| -- |
Apologista de la democracia.-- |
| -- |
En el intento independentista.-- |
| -- |
Esperanzas en Haití y rápido desencanto.-- |
| -- |
Media vida en Puerto Rico.-- |
| -- |
Bibliografía |
| 590 ## - NOTA LOCAL (RLIN) |
| Nota local |
Inventariado, 2019 / YL |
| 600 14 - PUNTO DE ACCESO ADICIONAL DE MATERIA--NOMBRE DE PERSONA |
| Nombre de persona |
López de Medrano, Andrés |
| Fechas asociadas al nombre |
1780-1856 |
| 9 (RLIN) |
51688 |
| 650 #4 - PUNTO DE ACCESO ADICIONAL DE MATERIA--TÉRMINO DE MATERIA |
| Término de materia o nombre geográfico como elemento de entrada |
Escritores dominicanos |
| Subdivisión de forma |
Bigrafías |
| 9 (RLIN) |
19138 |
| 651 #4 - PUNTO DE ACCESO ADICIONAL DE MATERIA--NOMBRE GEOGRÁFICO |
| Nombre geográfico |
República Dominicana |
| Subdivisión de forma |
Biografías |
| 9 (RLIN) |
1083 |
| 700 1# - PUNTO DE ACCESO ADICIONAL--NOMBRE DE PERSONA |
| Nombre de persona |
Mercader, José, |
| Término indicativo de función/relación |
il. |
| 9 (RLIN) |
768 |
| 830 ## - PUNTO DE ACCESO ADICIONAL DE SERIE-TÍTULO UNIFORME |
| Título uniforme |
Tobogán: |
| 9 (RLIN) |
19139 |
| Nombre de parte o sección de la obra |
Biografías Dominicanas |
| 942 ## - ELEMENTOS DE PUNTO DE ACCESO ADICIONAL (KOHA) |
| Fuente del sistema de clasificación o colocación |
Dewey Decimal Classification |
| Tipo de ítem Koha |
Libro |